Bubble Bass's Order - Statistics

General Stats
  • This quiz has been taken 31 times
  • The average score is 22 of 29
Answer Stats
Answer % Correct
T Triple
100%
D Deluxe
96%
D Double
96%
A A
92%
A A
92%
I It
88%
I It
88%
I It
88%
S Swim
88%
A Animal
80%
L Let
80%
S Style
80%
# 4
76%
# 4
76%
A And
76%
A And
76%
B Burn
76%
B By
76%
M Make
76%
B Bossy
68%
E Extra
68%
W With
64%
L Light
60%
S Shimmy
60%
C Cry
56%
G Grease
56%
S Squeeze
56%
S Shingles
52%
A Axle
44%
No matching quizzes found
Score Distribution
Percent of People with Each Score
Percentile by Number Answered
Your Score History
You have not taken this quiz